| 000 -LEADER |
| fixed length control field |
00395nam a22001457a 4500 |
| 003 - CONTROL NUMBER IDENTIFIER |
| control field |
OSt |
| 005 - DATE AND TIME OF LATEST TRANSACTION |
| control field |
20200530112052.0 |
| 008 - FIXED-LENGTH DATA ELEMENTS--GENERAL INFORMATION |
| fixed length control field |
200530b ||||| |||| 00| 0 eng d |
| 020 ## - INTERNATIONAL STANDARD BOOK NUMBER |
| International Standard Book Number |
9780985467456 |
| 082 ## - DEWEY DECIMAL CLASSIFICATION NUMBER |
| Classification number |
307.3416 |
| Item number |
KOL |
| 100 ## - MAIN ENTRY--PERSONAL NAME |
| Personal name |
Kolson, Kenneth L., |
| 245 ## - TITLE STATEMENT |
| Title |
Big plans : the allure and folly of urban design |
| 260 ## - PUBLICATION, DISTRIBUTION, ETC. (IMPRINT) |
| Place of publication, distribution, etc |
America |
| Name of publisher, distributor, etc |
Johns Hopkins University Press |
| Date of publication, distribution, etc |
2003 |
| 942 ## - ADDED ENTRY ELEMENTS (KOHA) |
| Source of classification or shelving scheme |
|